000 00316nam a22001337a 4500
005 20251120083433.0
008 251120b |||||||| |||| 00| 0 eng d
040 _a
_c
100 _aMALIK SAYED ABDUL
_91110
245 _aBON JUI
250 _a1ST
260 _aDIBRUGARH
_bBANI MANDIR
_c1958
942 _2ddc
_cBK
999 _c32197
_d32197